000 01076nam a22002177a 4500
999 _c62866
_d62866
003 Ge_BSU
005 20250312110336.0
008 250312s1968 ge ||||| |||| 00| 0 geo d
041 _ageo
080 _a159.922 : 616.89-008.1 ბ-11
100 _aბჟალავა, ი.
_92780
245 _aფსიქოზურ განცდათა ფენომენოლოგია /
_cი. ბჟალავა; დ. უზნაძის სახ. ფსიქოლოგიის ინ-ტი.
264 _aთბილისი :
_bმეცნიერება,
_c1968.
300 _a303 გვ. ;
_b 22 სმ.
653 _aფსიქოზი
653 _aმედიცინა
700 _aნადირაძე, გ.
_eმხატვარი
_924523
710 _aდ. უზნაძის სახ. ფსიქოლოგიის ინსტიტუტი.
_915340
856 _uhttps://dspace.nplg.gov.ge/bitstream/1234/536856/1/Fsiqozur_Gancdata_Fenomenologia_1968.pdf
_yელ. ვერსია
942 _2udc
_cᲬᲘᲒᲜᲘ